000 00326nam a2200133Ia 4500
008 200103s9999||||xx |||||||||||||| ||und||
040 _aIMU-MPC
082 _aColumn-23
100 _aJansson, Martin
245 0 _ahandbook of applied Mathematics
260 _bD. Van Nostrand Company
_c1936
300 _axi, 1010
942 _cBK
999 _c6858
_d6858